7 estrategias exitosas para desarrollar la inteligencia emocional
Збережено в:
| Автор: | |
|---|---|
| Формат: | Книга |
| Мова: | Іспанська |
| Опубліковано: |
Buenos Aires
Bonum
2011
|
| Редагування: | 1a. ed |
| Предмети: | |
| Теги: |
Додати тег
Немає тегів, Будьте першим, хто поставить тег для цього запису!
|
MARC
| LEADER | 00000cam a2200000 a 4500 | ||
|---|---|---|---|
| 001 | UCE1687 | ||
| 003 | CL-VaPUC | ||
| 008 | 140508e20110000ag |||||||||||||||||spa|d | ||
| 020 | |a 9789876670302 | ||
| 082 | 0 | 4 | |a 370.15 |b PAN |2 21 |
| 100 | |a Panju, Marziyah |e autora |9 574060 | ||
| 245 | 1 | 0 | |a 7 estrategias exitosas para desarrollar la inteligencia emocional |
| 250 | |a 1a. ed | ||
| 300 | |a 176 p | ||
| 942 | |c BK | ||
| 945 | |d 20140508 16:03:00 |a dcastane | ||
| 260 | |a Buenos Aires |b Bonum |c 2011 | ||
| 650 | 0 | |a Afectividad |9 334265 | |
| 650 | 0 | |a Inteligencia emocional |9 430453 | |
| 650 | 0 | |a Emociones |9 265224 | |
| 650 | 0 | |a Cognición |9 270347 | |
| 583 | |a last modification |c 20140508 16:03:00 |k Rodrigo Vera | ||
| 999 | |c 355419 |d 355417 | ||
| 952 | |0 0 |1 0 |3 erb |4 0 |6 370_150000000000000_PAN_2011 |7 0 |8 A |9 462129 |a BIBTEO |b BIBTEO |i 5072050 |o 370.15 PAN 2011 |p 5072050 |r 2025-01-17 |w 2019-11-23 |y BK |z Catalogado en:20140508 |k ICR | ||